BIBLIOTHÈQUE DE LA MAISON DU MEXIQUE

Logo 1 Logo 2

Huesos en el desierto (notice nᵒ 1106)

détails MARC
000 -Sello discográfico
campo de control de longitud fija 01298nam a2200349 4500
005 - Identificación de versión
campo de control 20251016082617.0
010 ## - Número Estándar Internacional de Libros (ISBN)
Número (ISBN) 84-339-2554-7
035 ## - Otros números de control del sistema
Número de control del sistema 4396
099 ## - fechas locales
Tipo de ítem Koha LIBRO
100 ## - Datos de procesamiento general
Datos de procesamiento general 20120306d2002 m y1spay5003 ba
105 ## - Campo de datos codificados: Material textual, monográfico
Datos codificados de monografía y 001zy
200 1# - Título y mención de responsabilidad
Título propio Huesos en el desierto
Designación general del material texto impreso
Primer mención de responsabilidad Sergio González Rodríguez
210 ## - Publicación, distribución, etc.
Lugar de publicación, distribución, etc. Barcelona
Nombre del editor, distribuidor, etc. Editorial Anagrama
Fecha de publicación, distribución, etc. 2002
215 ## - Descripción física
Designación de material específico y extensión del ítem 334 p
Otras características físicas il.
Dimensiones 22 cm
345 ## - Nota de información de adquisición
Fuente de adquisición/dirección de la suscripción [OBSOLETO] Donación
410 #1 - Series
Título Crónicas Anagrama
Número de volumen 54
606 ## - Término temático usado como materia
Elemento de entrada Asesinato
Subdivisión geográfica Ciudad Juárez, Chihuahua (México)
Número Koha 2933
606 ## - Término temático usado como materia
Elemento de entrada Asesinatos en serie
Subdivisión geográfica Ciudad Juárez, Chihuahua (México)
Número Koha 2934
606 ## - Término temático usado como materia
Elemento de entrada Delitos contra la mujer
Subdivisión geográfica Ciudad Juárez, Chihuahua (México)
Número Koha 2935
606 ## - Término temático usado como materia
Elemento de entrada Delitos
Subdivisión geográfica Ciudad Juárez, Chihuahua (México)
Número Koha 2936
606 ## - Término temático usado como materia
Elemento de entrada Víctimas de abuso sexual
Subdivisión geográfica Ciudad Juárez, Chihuahua (México)
Número Koha 2937
606 ## - Término temático usado como materia
Elemento de entrada Víctimas de delito
Subdivisión geográfica Ciudad Juárez, Chihuahua (México)
Número Koha 2938
660 ## - Código de área geográfica
Código MX
700 ## - Nombre personal - Responsabilidad primaria
Elemento de entrada González Rodríguez
Parte del nombre distinta del elemento de entrada Sergio
Fechas 1950-
Número Koha 2939
801 #0 - Fuente de origen
País FR
Agencia cm
Reglas de catalogación (convenciones descriptivas) AFNOR
900 ## -
-- 1/12875
900 ## -
-- 710962370\\050896
942 ## - ELEMENTOS DE ENTRADA SECUNDARIOS (KOHA)
Tipo de ítem Koha Livre
996 ## -
-- MEX
-- 751145101
-- MMAG
-- 002339
-- 364.152 G643H
-- 20120306LIV
Exemplaires
Estatus retirado Estado de daño Estado de pérdida Fecha de adquisición Biblioteca de origen Biblioteca actual Ubicación en estantería Código de barras Precio de reemplazo Signatura topográfica completa No para préstamo Tipo de ítem Koha Nota pública Nota no pública
      05/08/2025 Casa México Paris Casa México Paris   002339 05/08/2025 364.152 G643H   Livre 20120306LIV 751145101